| 000 | 01208cam a2200217 a 4500 | ||
|---|---|---|---|
| 001 | 000006307 | ||
| 005 | 20200929153918.0 | ||
| 008 | 940425s1993 ve 001 0 spa | ||
| 020 | _a9802531235 | ||
| 040 |
_aDO-SdBNP _bspa _cBNPHU |
||
| 082 |
_aV861.44 _bJ27c |
||
| 100 | 1 |
_aJames, Miguel, _d1953- _917598 |
|
| 245 | 1 | 3 |
_aLa casa caramelo de la bruja / _cMiguel James. |
| 260 |
_aCaracas, Venezuela : _bFUNDARTE. Alcaldía de Caracas, _c1993. |
||
| 300 |
_a83 p. ; _c21 cm. |
||
| 490 | 1 |
_aCuadernos de difusión _vno. 202. _aPoesia |
|
| 520 | 1 | _a"Pese al escaso Reconocimiento crítico de su obra, en esta, asi como en sus anteriores colecciones Itala-Mi novia como flores (1988) y Albanel Tuttifrutti, Blanca y otras (1990) - Miguel James incluye Algunos de los poemas mas original provocativos que se hayan escrito en Venezuela la segunda mitad del siglo XX. ingenuo El tono con que la vida erótica, la rutina urbana, la literatura y la cultura de masas se mezclan, crea un discurso irreverente, pero a la vez espiritual " - Handbook of Latin American Studies, vol 58. | |
| 650 | 4 |
_aPoesía venezolana _94230 |
|
| 650 | 4 |
_aLiteratura venezolana _93816 |
|
| 830 | 0 |
_aCuadernos de difusión ; _vno. 202. _96694 |
|
| 999 |
_c6102 _d6102 |
||